Normal view
MARC view
- English language
Entry Topical Term
001 - CONTROL NUMBER
- control field: 127504
003 - CONTROL NUMBER IDENTIFIER
- control field: NUST
005 - DATE AND TIME OF LATEST TRANSACTION
- control field: 20250113130121.0
008 - FIXED-LENGTH DATA ELEMENTS
- fixed length control field: 250113|| aca||aabn | a|a d
040 ## - CATALOGING SOURCE
- Original cataloging agency: NUST
- Transcribing agency: NUST
150 ## - HEADING--TOPICAL TERM
- Topical term or geographic name entry element: English language
- General subdivision: Errors of usage
670 ## - SOURCE DATA FOUND
- Source citation: Work cat.: (NUST)0: Safire, William, 1929-2009. 107379, Take my word for it :, c1986.
